000 00597 a2200229 4500
001 140043
003 OSt
005 20260120152842.0
008
020 _a9780070619883
082 _a515.7
_bR83F
100 1 _aRudin, Walter
245 1 _aFunctional analysis
_cby Walter Rudin
250 _a2nd ed.
260 _aNew Delhi
_bMcGraw Hill
_cC1991, 2015
300 _axv, 424 p.
490 _aInternational series in pure and applied mathematics
546 _aenglish
650 _aMathematics
653 _aFunctional analysis
942 _2ddc
_cBK
999 _c20675
_d20675